|
|
|
|
| LEADER |
00000nam a2200000 a 4500 |
| 001 |
vtls001464996 |
| 003 |
SK-MaSNL |
| 005 |
20260427075323.0 |
| 008 |
251113s2002 xo a 0 slo |
| 015 |
|
|
|a SNBF2004/03-01201
|
| 020 |
|
|
|a 8096767941
|
| 035 |
|
|
|a SNK000420301
|
| 040 |
|
|
|a SNK
|b slo
|c SNK
|e AACR2
|
| 041 |
0 |
|
|a slo
|
| 043 |
|
|
|a e-xo---
|
| 044 |
|
|
|a xo
|c SK
|
| 072 |
|
7 |
|a 331
|2 konspekt
|
| 080 |
|
|
|a 331.27
|2 1981
|
| 080 |
|
|
|a 72.071.1
|2 1981
|
| 080 |
|
|
|a 624-051
|2 1981
|
| 080 |
|
|
|a (437.6)
|2 1981
|
| 080 |
|
|
|a (085.6/.7)
|2 1981
|
| 080 |
|
|
|a (035)
|2 1981
|
| 080 |
|
|
|a 69:351.712.2.025(085.7)
|2 2. slo
|
| 080 |
|
|
|a 351.712.2.025:69
|2 2. slo
|
| 100 |
1 |
|
|a Ďurďa, Jozef
|4 aut
|9 14226
|
| 245 |
1 |
0 |
|a Cenník 2002 na výpočet ponukových cien architektonických a inžinierskych služieb (projektových prác a inžinierskych činností vo výstavbe)
|c Jozef Ďurďa a kolektív
|
| 250 |
|
|
|a [1. vyd.]
|
| 260 |
|
|
|a Bratislava
|b [d + procon]
|c 2002
|
| 300 |
|
|
|a 186 s.
|b tab.
|c 24 cm
|e 1 CD-ROM
|
| 490 |
1 |
|
|a Kasi
|v 8
|
| 650 |
0 |
7 |
|a honoráre
|2 phsnk
|9 51129
|
| 650 |
0 |
7 |
|a architekti
|2 phsnk
|9 2959
|
| 650 |
0 |
7 |
|a stavební inžinieri
|2 phsnk
|9 4363
|
| 650 |
0 |
7 |
|a stavebníctvo
|2 SNK
|9 726
|
| 650 |
0 |
7 |
|a projektovanie stavieb
|2 SNK
|9 114094
|
| 650 |
0 |
7 |
|a práca
|9 2337
|
| 655 |
|
7 |
|a FCE
|2 SNK
|9 395410
|
| 655 |
|
7 |
|a cenníky
|2 SNK
|9 70748
|
| 655 |
|
7 |
|a príručky
|2 SNK
|9 74364
|
| 655 |
|
7 |
|2 phsnk
|
| 830 |
|
0 |
|a Kasi
|9 466205
|
| 919 |
|
|
|a 80-967679-4-1
|
| 999 |
|
|
|c 730362
|d 732292
|
| 952 |
|
|
|t P60, <03>, [BOOK], {603}
|a SNK
|b SNK
|y PREZ
|7 0
|p 17A0405544
|o snkOSC 20885/2002
|i snkKSP 15591/2003
|0 0
|1 0
|4 0
|d 2003-12-08
|l 0
|r 2005-01-02 00:00:00
|w 2026-02-23
|
| 952 |
|
|
|t P60, <04>, [BOOK], {604}
|a SNK
|b SNK
|y VYP
|7 0
|p 17A0405548
|o snkOSC 20885/2002 D1
|i snkKSP 15592/2003
|0 0
|1 0
|4 0
|d 2003-12-08
|l 0
|r 2005-01-02 00:00:00
|w 2026-02-23
|
| 952 |
|
|
|t P60, <03>, [BOOK], {603}
|a SNK
|b SNK
|y PREZ
|7 0
|p 17A0405543
|o snkOSC 20885/2002/príl.
|i snkKSP 15591/2003
|0 0
|1 0
|4 0
|d 2003-12-08
|l 0
|r 2005-01-02 00:00:00
|w 2026-02-23
|
| 952 |
|
|
|t P60, <04>, [BOOK], {604}
|a SNK
|b SNK
|y VYP
|7 0
|p 17A0405542
|o snkOSC 20885/2002/príl. D1
|i snkKSP 15592/2003
|0 0
|1 0
|4 0
|d 2003-12-08
|l 0
|r 2005-01-02 00:00:00
|w 2026-02-23
|